|
|
|
|
| LEADER |
00887cam a2200313 7i4500 |
| 001 |
0000036713 |
| 005 |
20211124090000.0 |
| 007 |
##ta |
| 008 |
211124s2012 enk e 000 1 eng d |
| 020 |
# |
# |
|a 9780241961070
|
| 040 |
# |
# |
|a MATR
|
| 090 |
0 |
0 |
|a FI 813.54
|b CLA
|
| 100 |
1 |
# |
|a Clancy, Tom,
|d 1947-
|
| 245 |
1 |
0 |
|a Against all enemies
|c Tom Clancy ; with Peter Telep.
|
| 264 |
# |
0 |
|a London:
|b Penguin Books,
|c 2012.
|
| 300 |
# |
# |
|a 756 pages;
|c 18 cm.
|
| 336 |
# |
# |
|a text
|2 rdacontent
|
| 337 |
# |
# |
|a unmediated
|2 rdamedia
|
| 338 |
# |
# |
|a volume
|2 rdacarrier
|
| 610 |
1 |
0 |
|a United States
|
| 650 |
# |
0 |
|a English fiction
|
| 650 |
1 |
0 |
|a Taliban v Fiction
|
| 650 |
0 |
0 |
|a Drug traffic --
|z Mexico
|
| 650 |
0 |
0 |
|a Drug traffic --
|z Middle East
|
| 650 |
0 |
0 |
|a Terrorism
|
| 651 |
# |
0 |
|a Mexico
|
| 651 |
# |
0 |
|a Middle East $v Fiction
|
| 700 |
1 |
# |
|a Telep, Peter
|
| 999 |
|
|
|a F000000016
|b Book
|c Book
|e BICplus
|